00556nam a2200157 a 450000100100000000500170001000800410002702000150006804000250008308200140010824500860012226000520020804900090026095201120026999900170038100002153220200930011346.0100908s1984 xxua r 000 | spa d a0892131284 aDO-SdBNPbspacBNPHU axxxbH63800aThe Higher Taste :bA guide to gourmet vegetarian cooking and a karma-free diet . aLos Angeles :bBhaktivedanta Book Trust,c1984. aBNGR 001050718MOaGRbGRcCTd2010-09-08iLF1l0oxxx H638p21532-10r2020-06-25w2020-06-25y1ZNo se presta c21032d21032